000 00868cam a2200301 4500
008 090401t1997 xxu||||| |||| 00| 0 eng d
020 _a086017476X
035 _a(Sirsi) u82665
041 _aeng
050 _a628.1683
100 _aMason, P.A.
245 _aDesign of containment systems for the prevention of water pollution from industrial incidents.
260 _aLondon
_bCIRIA
_c1997
300 _a319p. ; 30cm.
350 _a85
490 _aCIRIA Report
_v164
650 _aCONTAINMENT SYSTEMS
650 _aINDUSTRIAL POLLUTION
650 _aWATER POLLUTION
690 _aENVIRONMENTAL AND LAND CONSULTANCY
700 _aAmies, H.J.
700 _aEdwards, P.R.
700 _aRose, G.
700 _aSangarapillai, G.
710 _aConstruction Industry Research and Information Association
_94810
942 _n0
948 _c15/12/1997
999 _c96811
_d96811